Виды местностей по реке Волге от Твери до Казани, снятые московск. фотогр. М.П. Настюковым в 1867 году (Запись № 13513358)

Подробности
000 -МАРКЕР
контрольное поле 01467nkm1a2200289 4500
001 - ИДЕНТИФИКАТОР ЗАПИСИ
контрольное поле RU\NLR\BIBL_A\010788829
005 - ИДЕНТИФИКАТОР ВЕРСИИ
контрольное поле 20260118051745.0
035 ## - ДРУГИЕ СИСТЕМНЫЕ НОМЕРА
Идентификатор записи (NLR Aleph) 010788829
100 ## - ДАННЫЕ ОБЩЕЙ ОБРАБОТКИ
Данные общей обработки 20150625d1867 u y0rusy50 ca
101 0# - ЯЗЫК РЕСУРСА
Язык текста, звукозаписи и т.д. русский
102 ## - СТРАНА ПУБЛИКАЦИИ ИЛИ ПРОИЗВОДСТВА
Страна публикации российская федерация
116 ## - ПОЛЕ КОДИРОВАННЫХ ДАННЫХ: ИЗОБРАЗИТЕЛЬНЫЕ МАТЕРИАЛЫ
Кодированные данные для изобразительных материалов. fiybxx xx zz
200 1# - ЗАГЛАВИЕ И СВЕДЕНИЯ ОБ ОТВЕТСТВЕННОСТИ
Основное заглавие Виды местностей по реке Волге от Твери до Казани, снятые московск. фотогр. М.П. Настюковым в 1867 году
Общее обозначение материала Изоматериал
Сведения, относящиеся к заглавию [альбом фотографий]
210 ## - ПУБЛИКАЦИЯ, РАСПРОСТРАНЕНИЕ И ДР.
Место издания, распространения и т.д. [Москва
Дата издания, распространения и т.д. 1867]
215 ## - ФИЗИЧЕСКАЯ ХАРАКТЕРИСТИКА
Специфическое обозначение материала и объем [40] отд. л. ил.
Размеры в папке 44х64
300 ## - ОБЩИЕ ПРИМЕЧАНИЯ
Текст примечания Без тит. л. Описано по папке
300 ## - ОБЩИЕ ПРИМЕЧАНИЯ
Текст примечания Загл. листов на рус. и фр. яз.
532 12 - РАСШИРЕННОЕ ЗАГЛАВИЕ
Заглавие Виды местностей по реке Волге от Твери до Казани, снятые московским фотографом М.П. Настюковым в 1867 году
607 ## - ГЕОГРАФИЧЕСКОЕ НАИМЕНОВАНИЕ КАК ПРЕДМЕТ
Географическое наименование Поволжье
Формальный подзаголовок Фотоальбомы
Системный номер авторитетной/нормативной записи 1226299
Идентификатор авторитетной/нормативной записи RU\NLR\AUTH\66181423
610 1# - НЕКОНТРОЛИРУЕМЫЕ ПРЕДМЕТНЫЕ ТЕРМИНЫ
Предметный термин Видовые фотографии
686 0# - ИНДЕКСЫ ДРУГИХ КЛАССИФИКАЦИЙ
Индекс Д890(2Р354)я61
702 #1 - ИМЯ ЛИЦА - ВТОРИЧНАЯ ОТВЕТСТВЕННОСТЬ
Код отношения Фотограф
Начальный элемент ввода Настюков
Часть имени, кроме начального элемента ввода М. П.
Дополнения к именам, кроме дат фотограф
Расширение инициалов личного имени Михаил Петрович
Системный номер авторитетной/нормативной записи 146137
Идентификатор авторитетной/нормативной записи RU\NLR\AUTH\770146173
942 ## - ДОПОЛНИТЕЛЬНЫЕ ЭЛЕМЕНТЫ ЗАПИСИ (АБИС)
Тип экземпляра АБИС Визуальный материал
980 ## - КОЛЛЕКЦИЯ
Название коллекции Национальная библиография

Нет доступных экземпляров.